Janapada Jeevana (Record no. 227694)
[ view plain ]
| 000 -LEADER | |
|---|---|
| fixed length control field | 00653nam a22002057a 4500 |
| 005 - DATE AND TIME OF LATEST TRANSACTION | |
| control field | 20251125155502.0 |
| 008 - FIXED-LENGTH DATA ELEMENTS--GENERAL INFORMATION | |
| fixed length control field | 230627b ||||| |||| 00| 0 eng d |
| 040 ## - CATALOGING SOURCE | |
| Transcribing agency | AL |
| 041 ## - LANGUAGE CODE | |
| Language code of text/sound track or separate title | Kannada |
| 082 ## - DEWEY DECIMAL CLASSIFICATION NUMBER | |
| Edition number | 23 |
| Classification number | 398.2K |
| Item number | SHRJ |
| 100 ## - MAIN ENTRY--PERSONAL NAME | |
| Personal name | Srikrishna Bhat Arthikaje |
| 100 ## - MAIN ENTRY--PERSONAL NAME | |
| 9 (RLIN) | 246811 |
| 100 ## - MAIN ENTRY--PERSONAL NAME | |
| 9 (RLIN) | 124970 |
| Dates associated with a name | ಶ್ರೀಕೃಷ್ಣ ಭಟ್ ಅರ್ಥಿಕಜೆ |
| 245 ## - TITLE STATEMENT | |
| Title | Janapada Jeevana |
| Remainder of title | ಜಾನಪದ ಜೀವನ |
| 260 ## - PUBLICATION, DISTRIBUTION, ETC. | |
| Place of publication, distribution, etc. | Puttur |
| Name of publisher, distributor, etc. | Kannada Sangha St.Philomena College |
| Date of publication, distribution, etc. | 1981 |
| 300 ## - PHYSICAL DESCRIPTION | |
| Extent | 81 p. |
| Other physical details | PB |
| Dimensions | 21x14 cm. |
| 365 ## - TRADE PRICE | |
| Unit of pricing | ₹6.00 |
| 650 ## - SUBJECT ADDED ENTRY--TOPICAL TERM | |
| Topical term or geographic name entry element | Folk songs |
| 9 (RLIN) | 124971 |
| 700 ## - ADDED ENTRY--PERSONAL NAME | |
| Personal name | SRIKRISHNA BHAT ARTHIKAJE |
| 9 (RLIN) | 124972 |
| 942 ## - ADDED ENTRY ELEMENTS (KOHA) | |
| Source of classification or shelving scheme | Dewey Decimal Classification |
| Koha item type | Book |
| Withdrawn status | Lost status | Source of classification or shelving scheme | Damaged status | Not for loan | Collection code | Home library | Current library | Date acquired | Total Checkouts | Full call number | Barcode | Date last seen | Price effective from | Koha item type |
|---|---|---|---|---|---|---|---|---|---|---|---|---|---|---|
| Dewey Decimal Classification | Kannada | St Aloysius Library | St Aloysius Library | 06/27/2023 | 398.2K SHRJ | 038513 | 06/27/2023 | 06/27/2023 | Book | |||||
| Dewey Decimal Classification | Kannada | St Aloysius Library | St Aloysius Library | 06/27/2023 | 398.2K SHRJ | 038514 | 06/27/2023 | 06/27/2023 | Book |